Applied numerical methods with MATLAB for engineers and scientists / (Record no. 33073)

000 -LEADER
fixed length control field 00668nam a2200229 a 4500
001 - CONTROL NUMBER
control field 33073
003 - CONTROL NUMBER IDENTIFIER
control field BD-DhUET
008 - FIXED-LENGTH DATA ELEMENTS--GENERAL INFORMATION
fixed length control field 101102s2012 nyua b 001 0 eng
020 ## - INTERNATIONAL STANDARD BOOK NUMBER
International Standard Book Number 9781259027437
020 ## - INTERNATIONAL STANDARD BOOK NUMBER
International Standard Book Number 9780073401102
040 ## - CATALOGING SOURCE
Original cataloging agency DLC
Transcribing agency DLC
Modifying agency BD-DhUET
082 ## - DEWEY DECIMAL CLASSIFICATION NUMBER
Classification number 517.6062
Item number CHA/2012
100 1# - MAIN ENTRY--PERSONAL NAME
Personal name Chapra, Steven C.
245 10 - TITLE STATEMENT
Title Applied numerical methods with MATLAB for engineers and scientists /
250 ## - EDITION STATEMENT
Edition statement 3rd ed.
260 ## - PUBLICATION, DISTRIBUTION, ETC. (IMPRINT)
Place of publication, distribution, etc. New Delhi
Name of publisher, distributor, etc. McGraw-Hill Education
Date of publication, distribution, etc. 2012
300 ## - PHYSICAL DESCRIPTION
Extent xvii, 653 p.
504 ## - BIBLIOGRAPHY, ETC. NOTE
Bibliography, etc Includes bibliographies
650 #0 - SUBJECT ADDED ENTRY--TOPICAL TERM
Topical term or geographic name as entry element Numerical analysis-MATLAB-Engineers
650 #0 - SUBJECT ADDED ENTRY--TOPICAL TERM
Topical term or geographic name as entry element Numerical analysis-MATLAB-Scientists
942 ## - ADDED ENTRY ELEMENTS (KOHA)
Koha item type General Book
Holdings
Koha item type Koha full call number Koha normalized classification for sorting Koha date last seen Source of classification or shelving scheme Source of acquisition Price effective from Copy number Damaged status Not for loan Koha date last borrowed Piece designation (barcode) Sublocation or collection (holding branch) Lost status Location (home branch) Shelving location Koha out on loan Koha issues (times borrowed) Date acquired Withdrawn status
General Book517.6062/CHA/2012517_606200000000000_CHA_20122026-01-11 International Book Distributors2015-09-121  2026-01-11113732Central Library, BUET Central Library, BUETCirculation section2026-01-2552015-06-13 
General Book517.6062/CHA/2012517_606200000000000_CHA_20122026-01-18  2016-10-242  2025-12-07114583Central Library, BUET Central Library, BUETCirculation section 92016-06-18 
General Book517.6062/CHA/2012517_606200000000000_CHA_20122021-12-29  2016-10-243  2021-12-29114584Central Library, BUET Central Library, BUETCirculation section2022-12-2952016-06-18